000 00197 a2200085 4500
020 _a9789810737450
100 _aIrmscher
245 _aParking Structures, Vol.2: Buildings and Projects
260 _bRHED
999 _c12223
_d12223